LDR 00960naa#a2200205#i#450# 001 RU\\bibl\119822 005 20260417214614.5 011 ## _a1819-4036 100 ## _a20210226b2021####ek#y0rusy0150####ca 102 ## _aRU 200 1# _aЭФФЕКТИВНОСТЬ ИСПОЛЬЗОВАНИЯ HUMULUS LUPULUS ПРИ ПОЛУЧЕНИИ БИОЛОГИЧЕСКИ АКТИВНОГО СЫРЬЯ ИЗ ЗЕРНА КУКУРУЗЫ _eЖурнальная статья 210 1# _aКрасноярск _cКрасноярский государственный аграрный университет _d2021 215 ## _a5 с. 608 ## _aЖурнальная статья _2local 675 ## _aПолеводство. 633 _z 700 #1 _aБурнацева _gАлина Ахсаровна 700 #1 _aХмелевская _gАнна Васильевна 700 #1 _aСатцаева _gИнна Коминтерновна 700 #1 _aЧерчесова _gС. К. 856 4# _avestnik.kgau.ru _u